000 00588nam a2200241 a 4500
001 nice12345678
003 IN_TiNIC
005 20260116011335.0
008 050524s1898 teha grp 000 0 ara
020 _a
_c100
082 0 0 _a297.42
_bQOO
100 _aAl-Qoonvi, Sadruddin
245 _aNafhatul Alam
260 _aTehran
_bGeorge
_c1898
300 _a308p
500 _aincludes index and biblioraphy
505 2 _a12 Volumes in Bounded in Six Volumes
650 _aSufism-Doctrines
700 1 _aAl-Qoonvi, Sadruddin
902 _bSRS
942 _cBK
999 _c661
_d661